000 00694nam a2200205Ii 4500
003 JO-AjNU
008 230605s9999||||xx |||||||||||||| ||und||
040 _aJO-AjNU
_bara
_erda
_cJO-AjNU
041 _aara
050 1 4 _aLC3993.J37 1999
100 3 _aجروان،فتحي عبد الرحمن,
_eauthor
_919440
245 0 0 _aالموهبة والتفوق والإبداع
250 _aط1
264 3 1 _aالعين:دار الكتاب الجامعي،1999
300 _a476ص
336 _atext
_btxt
_2rdacontent
337 _aunmediated
_bn
_2rdamedia
338 _avolume
_bnc
_2rdacarrier
650 4 _aالطلبة الموهوبون-الموهوبون-تربية-الإبداع
_919441
999 _aA6416
_c9984
_d9984